| 000 | 00715cam a2200229 a 4500 | ||
|---|---|---|---|
| 020 | _a0072368683 (acidfree paper) | ||
| 040 | _cDLC | ||
| 082 | 0 | 0 | _a512 HIL 2001 A057 Or. |
| 100 | 1 | _aBarnett, Raymond A. | |
| 245 | 1 | 0 | _aCollege algebra. |
| 250 | _a7th ed. / | ||
| 260 |
_aBoston : _bMcGraw Hill, _c2001. |
||
| 300 |
_axxiv, 658 p. : _bcol. ill. ; _c27 cm. |
||
| 490 | 1 | _aBarnett, Ziegler & Byleen's precalculus series | |
| 500 | _aIncludes indexes. | ||
| 650 | 0 | _aAlgebra. | |
| 700 | 1 | _aZiegler, Michael R. | |
| 700 | 1 | _aByleen, Karl E. | |
| 856 | 4 | 2 | _uhttp://www.loc.gov/catdir/enhancements/fy0668/00035143-d.html |
| 856 | 4 | 1 | _uhttp://www.loc.gov/catdir/enhancements/fy0668/00035143-t.html |
| 942 | _cEK | ||
| 999 |
_c13881 _d13881 |
||